Posibilidades y dificultades de un análisis espacial contestario (Registro nro. 26742)

Detalles MARC
000 -LEADER
fixed length control field 00364 a2200109 4500
001 - CONTROL NUMBER
control field ART_13561
005 - DATE AND TIME OF LATEST TRANSACTION
control field 20260410161910.0
008 - FIXED-LENGTH DATA ELEMENTS--GENERAL INFORMATION
fixed length control field 260409a
100 1# - MAIN ENTRY--PERSONAL NAME
Personal name Coraggio, José Luis
245 10 - TITLE STATEMENT
Title Posibilidades y dificultades de un análisis espacial contestario
773 0# - HOST ITEM ENTRY
Title Demografía y economía
Related parts - Vol. XI, Nº 32 (mayo/ago. 1977)
Record control number REV13200

No hay ítems disponibles.